00185nam a2200073Ia 4500008004100000082000800041100001600049245004600065240331s9999 xx 000 0 und d bMUR aMurugadas,A 0aSangak kavihaiyakkam :bmaravum matramum